000 00597nam a22001817a 4500
999 _c190936
_d190936
005 20220816102254.0
010 _aENG-134407
020 _a9789389253795
_c699.00
035 _aEN-117939
037 _bDBAD/PUB
082 _a500
100 _aPulakkat, Hari
245 _aSpace Life Matter:
_bThe Coming of Age of Indian Science/
_cHari Pulakkat
260 _aGurugram
_bHachette Book Publishing India Pvt. Ltd
_c2021
270 _a4th/5th Floors, Corporate Centre, Plot No. 94, Sector 44
_bGurugram
_e122003
300 _axxii, 314p.
_c23cm(hb)
942 _2ddc
_cEN
_h500
_mPUL